000 01617cam a22004694i 4500
003 PE-LiUPU
005 20250731173453.0
008 150616s r 000 0 d
035 _a(Sirsi) a6521
040 _aPE-LiUPU
_bspa
_cPE-LiUPU
_erda
049 _aPRUA
082 0 4 _a220.7
_bICC
_221
100 1 _aGray, George Buchanan,
_eautor.
245 1 0 _aIsaiah :
_ba Critical And Exegetical Commentary..
_n23 / I /
_cGeorge Buchanan Gray.
264 1 _aEdinburgh, Gran Bretaña :
_bT. & T. Clark,
_c1980.
300 _a472 páginas :
_bIlustraciones (mapa) ;
_c21 cm.
336 _atext
_2rdacontent
337 _aunmediated
_2rdamedia
338 _avolume
_2rdacarrier
490 0 _aThe International Critical Commentary
505 0 _aComentarios sobre el libro de Isaías, capítulos 1 -27. Isaias.
526 _aSEG42
526 _aSEG41
526 _aSEG40
526 _aSEG39
526 _aP94
526 _aP87
526 _aP86
526 _aP85
526 _aP77
526 _aP76
526 _aP35
630 _aBiblia.
_pA.T.
_pIsaías 1-27
_xComentarios.
650 0 4 _a
910 _ajck
_bjvq
_cjck
942 _2ddc
_cBOOK
949 _a220.7 ICC 23
_wDEWEY
_c1
_i39893
_lCCODEBUL1
_mBUL
_p00.00
_r0
_sY
_tBOOK
_u19951204
_xTEOLOGIA
_zUNKNOWN
_0COMPRA
_o.STAFF. Colección General
994 _aC0
_bPEPRU
596 _a1
999 _a220.7 ICC 23
_wDEWEY
_c57664
_i39893
_d57664
_e2018-4-19
_f2021-11-9
_g5
_lCCODEBUL1
_mBUL
_n1
_q9
_r0
_sY
_tBOOK
_u2015-6-16
_xTEOLOGIA
_zUNKNOWN
_0COMPRA
_o.STAFF. Colección General
980 _81
_gALBERTO SANCHEZ Responsable de Automatización